000
00314 a2200145 4500
020
_a
978-3-8228-2567-9
040
_a
ISPLB
082
_a
72
_b
72
100
_9
1188
_a
FREY ,Claudia
245
_a
Architecture Now
260
_a
Italy
_b
Tashen
_c
2004.
300
_a
190p
650
_a
Arquitectura
942
_c
Livros
999
_c
2361
_d
2361